Najczęściej zgadywane polskie miasta - Statystyki

Ogólne statystyki
  • Ten quiz został rozwiązany 16 224 razy
  • Średni wynik to 18 z 24
Statystyki odpowiedzi
% Miasto % Poprawnych
84% Warszawa
100%
80% Gdańsk
98%
78% Kraków
98%
73% Wrocław
94%
77% Gdynia
93%
72% Poznań
91%
69% Katowice
88%
72% Szczecin
88%
69% Łódź
87%
67% Białystok
85%
69% Lublin
84%
64% Bydgoszcz
82%
65% Toruń
81%
60% Rzeszów
77%
67% Sopot
74%
60% Zielona Góra
70%
61% Opole
68%
58% Kielce
67%
60% Olsztyn
67%
56% Radom
61%
63% Zakopane
57%
56% Częstochowa
55%
57% Koło
36%
64% Hel
19%
Nie znaleziono quizów pasujących do podanych kryteriów
Rozkład punktacji
Procent ludzi z każdym wynikiem
Percentyl według liczby udzielonych odpowiedzi
Twoja historia wyników
Nie rozwiązałeś tego quizu